Complete All-NBA Teams (2000-2025) - Statistics

General Stats
  • This quiz has been taken 372 times
  • The average score is 330 of 374
Answer Stats
Roster Year Team Position Answer % Correct
1st Team 2005-06 CLE F LeBron James
98%
1st Team 2007-08 CLE F LeBron James
98%
1st Team 2008-09 CLE F LeBron James
98%
1st Team 2009-10 CLE F LeBron James
98%
1st Team 2010-11 MIA F LeBron James
98%
1st Team 2011-12 MIA F LeBron James
98%
1st Team 2012-13 MIA F LeBron James
98%
1st Team 2013-14 MIA F LeBron James
98%
1st Team 2014-15 CLE F LeBron James
98%
1st Team 2015-16 CLE F LeBron James
98%
1st Team 2016-17 CLE F LeBron James
98%
1st Team 2017-18 CLE F LeBron James
98%
1st Team 2019-20 LAL F LeBron James
98%
2nd Team 2004-05 CLE F LeBron James
98%
2nd Team 2006-07 CLE F LeBron James
98%
2nd Team 2020-21 LAL F LeBron James
98%
2nd Team 2024-25 LAL F LeBron James
98%
3rd Team 2018-19 LAL F LeBron James
98%
3rd Team 2021-22 LAL F LeBron James
98%
3rd Team 2022-23 LAL F LeBron James
98%
3rd Team 2023-24 LAL F LeBron James
98%
1st Team 2001-02 LAL G Kobe Bryant
97%
1st Team 2002-03 LAL G Kobe Bryant
97%
1st Team 2003-04 LAL G Kobe Bryant
97%
1st Team 2005-06 LAL G Kobe Bryant
97%
1st Team 2006-07 LAL G Kobe Bryant
97%
1st Team 2007-08 LAL G Kobe Bryant
97%
1st Team 2008-09 LAL G Kobe Bryant
97%
1st Team 2009-10 LAL G Kobe Bryant
97%
1st Team 2010-11 LAL G Kobe Bryant
97%
1st Team 2011-12 LAL G Kobe Bryant
97%
1st Team 2012-13 LAL G Kobe Bryant
97%
2nd Team 2000-01 LAL G Kobe Bryant
97%
3rd Team 2004-05 LAL G Kobe Bryant
97%
1st Team 2000-01 LAL C Shaquille O'Neal
97%
1st Team 2001-02 LAL C Shaquille O'Neal
97%
1st Team 2002-03 LAL C Shaquille O'Neal
97%
1st Team 2003-04 LAL C Shaquille O'Neal
97%
1st Team 2004-05 MIA C Shaquille O'Neal
97%
1st Team 2005-06 MIA C Shaquille O'Neal
97%
3rd Team 2008-09 PHX C Shaquille O'Neal
97%
1st Team 2014-15 GSW G Stephen Curry
97%
1st Team 2015-16 GSW G Stephen Curry
97%
1st Team 2018-19 GSW G Stephen Curry
97%
1st Team 2020-21 GSW G Stephen Curry
97%
2nd Team 2013-14 GSW G Stephen Curry
97%
2nd Team 2016-17 GSW G Stephen Curry
97%
2nd Team 2021-22 GSW G Stephen Curry
97%
2nd Team 2022-23 GSW G Stephen Curry
97%
2nd Team 2024-25 GSW G Stephen Curry
97%
3rd Team 2017-18 GSW G Stephen Curry
97%
3rd Team 2023-24 GSW G Stephen Curry
97%
1st Team 2013-14 HOU G James Harden
96%
1st Team 2014-15 HOU G James Harden
96%
1st Team 2016-17 HOU G James Harden
96%
1st Team 2017-18 HOU G James Harden
96%
1st Team 2018-19 HOU G James Harden
96%
1st Team 2019-20 HOU G James Harden
96%
3rd Team 2012-13 HOU G James Harden
96%
3rd Team 2024-25 LAC G James Harden
96%
1st Team 2009-10 OKC F Kevin Durant
96%
1st Team 2010-11 OKC F Kevin Durant
96%
1st Team 2011-12 OKC F Kevin Durant
96%
1st Team 2012-13 OKC F Kevin Durant
96%
1st Team 2013-14 OKC F Kevin Durant
96%
1st Team 2017-18 GSW F Kevin Durant
96%
2nd Team 2015-16 OKC F Kevin Durant
96%
2nd Team 2016-17 GSW F Kevin Durant
96%
2nd Team 2018-19 GSW F Kevin Durant
96%
2nd Team 2021-22 BRK F Kevin Durant
96%
2nd Team 2023-24 PHX F Kevin Durant
96%
1st Team 2000-01 SAS F Tim Duncan
96%
1st Team 2001-02 SAS F Tim Duncan
96%
1st Team 2002-03 SAS F Tim Duncan
96%
1st Team 2003-04 SAS F Tim Duncan
96%
1st Team 2004-05 SAS F Tim Duncan
96%
1st Team 2006-07 SAS F Tim Duncan
96%
1st Team 2012-13 SAS C Tim Duncan
96%
2nd Team 2005-06 SAS F Tim Duncan
96%
2nd Team 2007-08 SAS F Tim Duncan
96%
2nd Team 2008-09 SAS F Tim Duncan
96%
3rd Team 2009-10 SAS F Tim Duncan
96%
3rd Team 2014-15 SAS F Tim Duncan
96%
1st Team 2007-08 NOH G Chris Paul
95%
1st Team 2011-12 LAC G Chris Paul
95%
1st Team 2012-12 LAC G Chris Paul
95%
1st Team 2013-14 LAC G Chris Paul
95%
2nd Team 2008-09 NOH G Chris Paul
95%
2nd Team 2014-15 LAC G Chris Paul
95%
2nd Team 2015-16 LAC G Chris Paul
95%
2nd Team 2019-20 OKC G Chris Paul
95%
2nd Team 2020-21 PHX G Chris Paul
95%
3rd Team 2021-22 PHX G Chris Paul
95%
1st Team 2018-19 MIL F Giannis Antetokounmpo
95%
1st Team 2019-20 MIL F Giannis Antetokounmpo
95%
1st Team 2020-21 MIL F Giannis Antetokounmpo
95%
1st Team 2021-22 MIL F Giannis Antetokounmpo
95%
1st Team 2022-23 MIL F Giannis Antetokounmpo
95%
1st Team 2023-24 MIL F Giannis Antetokounmpo
95%
1st Team 2024-25 MIL F Giannis Antetokounmpo
95%
2nd Team 2016-17 MIL F Giannis Antetokounmpo
95%
2nd Team 2017-18 MIL F Giannis Antetokounmpo
95%
1st Team 2014-15 NOP F Anthony Davis
94%
1st Team 2016-17 NOP C Anthony Davis
94%
1st Team 2017-18 NOP C Anthony Davis
94%
1st Team 2019-20 LAL C Anthony Davis
94%
2nd Team 2023-24 LAL C Anthony Davis
94%
3rd Team 2003-04 NOH G Baron Davis
94%
1st Team 2004-05 DAL F Dirk Nowitzki
94%
1st Team 2005-06 DAL F Dirk Nowitzki
94%
1st Team 2006-07 DAL F Dirk Nowitzki
94%
1st Team 2008-09 DAL F Dirk Nowitzki
94%
2nd Team 2001-02 DAL C Dirk Nowitzki
94%
2nd Team 2002-03 DAL F Dirk Nowitzki
94%
2nd Team 2007-08 DAL F Dirk Nowitzki
94%
2nd Team 2009-10 DAL F Dirk Nowitzki
94%
2nd Team 2010-11 DAL F Dirk Nowitzki
94%
3rd Team 2000-01 DAL F Dirk Nowitzki
94%
3rd Team 2003-04 DAL F Dirk Nowitzki
94%
3rd Team 2011-12 DAL F Dirk Nowitzki
94%
1st Team 2021-22 BOS F Jayson Tatum
94%
1st Team 2022-23 BOS F Jayson Tatum
94%
1st Team 2023-24 BOS F Jayson Tatum
94%
1st Team 2024-25 BOS F Jayson Tatum
94%
3rd Team 2019-20 BOS F Jayson Tatum
94%
1st Team 2015-16 SAS F Kawhi Leonard
94%
1st Team 2016-17 SAS F Kawhi Leonard
94%
1st Team 2020-21 LAC F Kawhi Leonard
94%
2nd Team 2018-19 TOR F Kawhi Leonard
94%
2nd Team 2019-20 LAC F Kawhi Leonard
94%
2nd Team 2023-24 LAC F Kawhi Leonard
94%
1st Team 2002-03 MIN F Kevin Garnett
94%
1st Team 2003-04 MIN F Kevin Garnett
94%
1st Team 2007-08 BOS F Kevin Garnett
94%
2nd Team 2000-01 MIN F Kevin Garnett
94%
2nd Team 2001-02 MIN F Kevin Garnett
94%
2nd Team 2004-05 MIN F Kevin Garnett
94%
3rd Team 2006-07 MIN F Kevin Garnett
94%
1st Team 2019-20 DAL G Luka Doncic
94%
1st Team 2020-21 DAL G Luka Doncic
94%
1st Team 2021-22 DAL G Luka Doncic
94%
1st Team 2022-23 DAL G Luka Doncic
94%
1st Team 2023-24 DAL G Luka Doncic
94%
1st Team 2018-19 DEN C Nikola Jokic
94%
1st Team 2020-21 DEN C Nikola Jokic
94%
1st Team 2021-22 DEN C Nikola Jokic
94%
1st Team 2023-24 DEN C Nikola Jokic
94%
1st Team 2024-25 DEN C Nikola Jokic
94%
2nd Team 2019-20 DEN C Nikola Jokic
94%
2nd Team 2022-23 DEN C Nikola Jokic
94%
1st Team 2015-16 OKC G Russell Westbrook
94%
1st Team 2016-17 OKC G Russell Westbrook
94%
2nd Team 2010-11 OKC G Russell Westbrook
94%
2nd Team 2011-12 OKC G Russell Westbrook
94%
2nd Team 2012-13 OKC G Russell Westbrook
94%
2nd Team 2014-15 OKC G Russell Westbrook
94%
2nd Team 2017-18 OKC G Russell Westbrook
94%
3rd Team 2018-19 OKC G Russell Westbrook
94%
3rd Team 2019-20 HOU G Russell Westbrook
94%
1st Team 2004-05 PHX G Steve Nash
94%
1st Team 2005-06 PHX G Steve Nash
94%
1st Team 2006-07 PHX G Steve Nash
94%
2nd Team 2007-08 PHX G Steve Nash
94%
2nd Team 2009-10 PHX G Steve Nash
94%
3rd Team 2001-02 DAL G Steve Nash
94%
3rd Team 2002-03 DAL G Steve Nash
94%
1st Team 2017-18 POR G Damian Lillard
93%
2nd Team 2015-16 POR G Damian Lillard
93%
2nd Team 2018-19 POR G Damian Lillard
93%
2nd Team 2019-20 POR G Damian Lillard
93%
2nd Team 2020-21 POR G Damian Lillard
93%
3rd Team 2013-14 POR G Damian Lillard
93%
3rd Team 2022-23 POR G Damian Lillard
93%
1st Team 2021-22 PHX G Devin Booker
93%
3rd Team 2023-24 PHX G Devin Booker
93%
1st Team 2008-09 MIA G Dwayne Wade
93%
1st Team 2009-10 MIA G Dwayne Wade
93%
2nd Team 2004-05 MIA G Dwayne Wade
93%
2nd Team 2005-06 MIA G Dwayne Wade
93%
2nd Team 2010-11 MIA G Dwayne Wade
93%
3rd Team 2006-07 MIA G Dwayne Wade
93%
3rd Team 2011-12 MIA G Dwayne Wade
93%
3rd Team 2012-13 MIA G Dwayne Wade
93%
1st Team 2022-23 OKC G Shai Gilgeous-Alexander
93%
1st Team 2023-24 OKC G Shai Gilgeous-Alexander
93%
1st Team 2024-25 OKC G Shai Gilgeous-Alexander
93%
1st Team 2000-01 PHI G Allen Iverson
92%
1st Team 2004-05 PHI G Allen Iverson
92%
2nd Team 2001-02 PHI G Allen Iverson
92%
2nd Team 2002-03 PHI G Allen Iverson
92%
3rd Team 2005-06 PHI G Allen Iverson
92%
2nd Team 2022-23 MIA F Jimmy Butler
92%
3rd Team 2016-17 CHI F Jimmy Butler
92%
3rd Team 2017-18 MIN F Jimmy Butler
92%
3rd Team 2019-20 MIA F Jimmy Butler
92%
3rd Team 2020-21 MIA F Jimmy Butler
92%
1st Team 2022-23 PHI C Joel Embiid
92%
2nd Team 2017-18 PHI C Joel Embiid
92%
2nd Team 2018-19 PHI C Joel Embiid
92%
2nd Team 2020-21 PHI C Joel Embiid
92%
2nd Team 2021-22 PHI C Joel Embiid
92%
3rd Team 2016-17 WAS G John Wall
92%
1st Team 2014-15 MEM C Marc Gasol
92%
2nd Team 2012-13 MEM C Marc Gasol
92%
2nd Team 2010-11 LAL F Pau Gasol
92%
2nd Team 2014-15 CHI F Pau Gasol
92%
3rd Team 2008-09 LAL F Pau Gasol
92%
3rd Team 2009-10 LAL F Pau Gasol
92%
1st Team 2018-19 OKC F Paul George
92%
3rd Team 2012-13 IND F Paul George
92%
3rd Team 2013-14 IND F Paul George
92%
3rd Team 2015-16 IND F Paul George
92%
3rd Team 2017-18 OKC F Paul George
92%
3rd Team 2020-21 LAC F Paul George
92%
2nd Team 2009-10 DEN F Carmelo Anthony
91%
2nd Team 2012-13 NYK F Carmelo Anthony
91%
3rd Team 2005-06 DEN F Carmelo Anthony
91%
3rd Team 2006-07 DEN F Carmelo Anthony
91%
3rd Team 2008-09 DEN F Carmelo Anthony
91%
3rd Team 2011-12 NYK F Carmelo Anthony
91%
1st Team 2024-25 CLE G Donovan Mitchell
91%
2nd Team 2022-23 CLE G Donovan Mitchell
91%
2nd Team 2015-16 GSW F Draymond Green
91%
3rd Team 2016-17 GSW F Draymond Green
91%
1st Team 2007-08 ORL C Dwight Howard
91%
1st Team 2008-09 ORL C Dwight Howard
91%
1st Team 2009-10 ORL C Dwight Howard
91%
1st Team 2010-11 ORL C Dwight Howard
91%
1st Team 2011-12 ORL C Dwight Howard
91%
2nd Team 2013-14 HOU C Dwight Howard
91%
3rd Team 2006-07 ORL C Dwight Howard
91%
3rd Team 2012-13 LAL C Dwight Howard
91%
3rd Team 2017-18 MIN C Karl-Anthony Towns
91%
3rd Team 2021-22 MIN C Karl-Anthony Towns
91%
3rd Team 2024-25 NYK C Karl-Anthony Towns
91%
2nd Team 2018-19 BOS G Kyrie Irving
91%
3rd Team 2014-15 CLE G Kyrie Irving
91%
3rd Team 2020-21 BRK G Kyrie Irving
91%
2nd Team 2011-12 SAS G Tony Parker
91%
2nd Team 2012-13 SAS G Tony Parker
91%
2nd Team 2013-14 SAS G Tony Parker
91%
3rd Team 2008-09 SAS G Tony Parker
91%
1st Team 2015-16 LAC C DeAndre Jordan
90%
3rd Team 2014-15 LAC C DeAndre Jordan
90%
3rd Team 2016-17 LAC C DeAndre Jordan
90%
2nd Team 2011-12 LAC F Blake Griffin
89%
2nd Team 2012-13 LAC F Blake Griffin
89%
2nd Team 2013-14 LAC F Blake Griffin
89%
3rd Team 2014-15 LAC F Blake Griffin
89%
3rd Team 2018-19 DET F Blake Griffin
89%
2nd Team 2017-18 TOR G DeMar DeRozan
89%
2nd Team 2021-22 CHI F DeMar DeRozan
89%
3rd Team 2016-17 TOR G DeMar DeRozan
89%
2nd Team 2023-24 NYK G Jalen Brunson
89%
2nd Team 2024-25 NYK G Jalen Brunson
89%
2nd Team 2008-09 BOS F Paul Pierce
89%
3rd Team 2001-02 BOS G Paul Pierce
89%
3rd Team 2002-03 BOS F Paul Pierce
89%
3rd Team 2007-08 BOS F Paul Pierce
89%
2nd Team 2023-24 MIN G Anthony Edwards
88%
2nd Team 2024-25 MIN G Anthony Edwards
88%
2nd Team 2007-08 UTA G Deron Williams
88%
2nd Team 2009-10 UTA G Deron Williams
88%
1st Team 2010-11 CHI G Derrick Rose
88%
3rd Team 2024-25 OKC G Jalen Williams
88%
2nd Team 2022-23 BOS F Jaylen Brown
88%
3rd Team 2014-15 GSW G Klay Thompson
88%
3rd Team 2015-16 GSW G Klay Thompson
88%
2nd Team 2021-22 MEM G Ja Morant
87%
1st Team 2000-01 PHX G Jason Kidd
87%
1st Team 2001-02 NJN G Jason Kidd
87%
1st Team 2003-04 NJN G Jason Kidd
87%
2nd Team 2002-03 NJN G Jason Kidd
87%
2nd Team 2016-17 UTA C Rudy Gobert
87%
3rd Team 2018-19 UTA C Rudy Gobert
87%
3rd Team 2019-20 UTA C Rudy Gobert
87%
3rd Team 2020-21 UTA C Rudy Gobert
87%
3rd Team 2015-16 TOR G Kyle Lowry
86%
2nd Team 2004-05 SEA G Ray Allen
86%
3rd Team 2000-01 MIL G Ray Allen
86%
2nd Team 2003-04 IND F Jermaine O'Neal
85%
3rd Team 2001-02 IND F Jermaine O'Neal
85%
3rd Team 2002-03 IND C Jermaine O'Neal
85%
3rd Team 2007-08 SAS G Manu Ginóbili
85%
3rd Team 2010-11 SAS G Manu Ginóbili
85%
1st Team 2001-02 ORL F Tracy McGrady
85%
1st Team 2002-03 ORL G Tracy McGrady
85%
2nd Team 2000-01 ORL G Tracy McGrady
85%
2nd Team 2003-04 ORL G Tracy McGrady
85%
2nd Team 2006-07 HOU G Tracy McGrady
85%
3rd Team 2004-05 HOU F Tracy McGrady
85%
3rd Team 2007-08 HOU G Tracy McGrady
85%
3rd Team 2022-23 SAC C Domantas Sabonis
84%
3rd Team 2023-24 SAC C Domantas Sabonis
84%
3rd Team 2021-22 ATL G Trae Young
84%
3rd Team 2020-21 WAS G Bradley Beal
83%
3rd Team 2022-23 SAC G De'Aaron Fox
83%
2nd Team 2019-20 TOR F Pascal Siakam
83%
3rd Team 2021-22 TOR F Pascal Siakam
83%
3rd Team 2023-24 IND G Tyrese Haliburton
83%
3rd Team 2024-25 IND G Tyrese Haliburton
83%
2nd Team 2002-03 DET C Ben Wallace
82%
2nd Team 2003-04 DET C Ben Wallace
82%
2nd Team 2005-06 DET C Ben Wallace
82%
3rd Team 2001-02 DET F Ben Wallace
82%
3rd Team 2004-05 DET C Ben Wallace
82%
1st Team 2013-14 CHI C Joakim Noah
82%
2nd Team 2020-21 NYK F Julius Randle
82%
3rd Team 2022-23 NYK F Julius Randle
82%
2nd Team 2006-07 HOU C Yao Ming
82%
2nd Team 2008-09 HOU C Yao Ming
82%
3rd Team 2003-04 HOU C Yao Ming
82%
3rd Team 2005-06 HOU C Yao Ming
82%
3rd Team 2007-08 HOU C Yao Ming
82%
1st Team 2006-07 PHX C Amar'e Stoudemire
81%
2nd Team 2004-05 PHX C Amar'e Stoudemire
81%
2nd Team 2007-08 PHX C Amar'e Stoudemire
81%
2nd Team 2009-10 PHX C Amar'e Stoudemire
81%
2nd Team 2010-11 NYK C Amar'e Stoudemire
81%
3rd Team 2024-25 DET G Cade Cunningham
81%
2nd Team 2016-17 BOS G Isaiah Thomas
81%
3rd Team 2018-19 CHA G Kemba Walker
81%
2nd Team 2014-15 SAC C DeMarcus Cousins
80%
2nd Team 2015-16 SAC C DeMarcus Cousins
80%
2nd Team 2024-25 CLE C Evan Mobley
80%
2nd Team 2014-15 POR F LaMarcus Aldridge
80%
2nd Team 2017-18 SAS F LaMarcus Aldridge
80%
3rd Team 2010-11 POR F LaMarcus Aldridge
80%
3rd Team 2013-14 POR F LaMarcus Aldridge
80%
3rd Team 2015-16 SAS F LaMarcus Aldridge
80%
2nd Team 2000-01 TOR F Vince Carter
80%
3rd Team 2000-01 SAS C David Robinson
79%
2nd Team 2005-06 DET G Chauncey Billups
77%
3rd Team 2006-07 DET G Chauncey Billups
77%
3rd Team 2008-09 DEN G Chauncey Billups
77%
2nd Team 2001-02 SEA G Gary Payton
76%
3rd Team 2000-01 SEA G Gary Payton
76%
1st Team 2000-01 SAC F Chris Webber
75%
2nd Team 2001-02 SAC F Chris Webber
75%
2nd Team 2002-03 SAC F Chris Webber
75%
2nd Team 2006-07 TOR F Chris Bosh
74%
3rd Team 2000-01 UTA F Karl Malone
71%
2nd Team 2011-12 MIN F Kevin Love
71%
2nd Team 2013-14 MIN F Kevin Love
71%
3rd Team 2015-16 DET C Andre Drummond
70%
3rd Team 2011-12 BOS G Rajon Rondo
69%
3rd Team 2019-20 PHI G Ben Simmons
68%
2nd Team 2006-07 WAS G Gilbert Arenas
68%
3rd Team 2004-05 WAS G Gilbert Arenas
68%
3rd Team 2005-06 WAS G Gilbert Arenas
68%
2nd Team 2000-01 ATL/PHI C Dikembe Mutombo
67%
3rd Team 2001-02 PHI C Dikembe Mutombo
67%
3rd Team 2017-18 IND G Victor Oladipo
64%
3rd Team 2010-11 ATL C Al Horford
61%
2nd Team 2008-09 POR G Brandon Roy
61%
3rd Team 2009-10 POR G Brandon Roy
61%
3rd Team 2010-11 MEM F Zach Randolph
61%
2nd Team 2011-12 LAL C Andrew Bynum
60%
3rd Team 2009-10 ATL G Joe Johnson
53%
2nd Team 2003-04 SAC F Peja Stojakovic
52%
3rd Team 2004-05 PHX F Shawn Marion
52%
3rd Team 2005-06 PHX F Shawn Marion
52%
3rd Team 2011-12 NYK C Tyson Chandler
52%
3rd Team 2003-04 IND F Ron Artest
47%
3rd Team 2012-13 GSW F David Lee
46%
2nd Team 2003-04 MIN G Sam Cassell
44%
3rd Team 2009-10 MIL C Andrew Bogut
43%
3rd Team 2013-14 CHA C Al Jefferson
41%
3rd Team 2007-08 UTA F Carlos Boozer
41%
2nd Team 2005-06 LAC F Elton Brand
40%
3rd Team 2003-04 MIL G Michael Redd
40%
3rd Team 2013-14 PHX G Goran Dragic
37%
3rd Team 2002-03 PHX G Stephon Marbury
29%
3rd Team 2002-03 NOH F Jamal Mashburn
15%
No matching quizzes found
Score Distribution
Percent of People with Each Score
Percentile by Number Answered
Your Score History
You have not taken this quiz